000
00248nam a2200109Ia 4500
008
190216s9999||||xx |||||||||||||| ||und||
100
_a
Diwakar R R
245
0
_a
Saga Of Sathyagraha
260
_b
Gandhi Foundation
650
_a
Essays
942
_c
BK
999
_c
12056
_d
12056